000 01550nam a2200397 a 4500
001 ebr10513577
003 CaPaEBR
006 m u
007 cr cn|||||||||
008 041216s2005 waua sb 001 0 eng d
010 _z 2004029560
020 _z0295984880 (hardback alk. paper)
020 _z9780295984889
020 _z9780295801711 (e-book)
040 _aCaPaEBR
_cCaPaEBR
035 _a(OCoLC)772525300
043 _aaz-----
_aa-ii---
050 1 4 _aPK5410.S63
_bN34 2005eb
082 0 4 _a809/.933556
_222
100 1 _aNagappan, Ramu.
245 1 0 _aSpeaking havoc
_h[electronic resource] :
_bsocial suffering & South Asian narratives /
_cRamu Nagappan.
260 _aSeattle :
_bUniversity of Washington Press,
_cc2005.
300 _aviii, 246 p. :
_bill.
490 1 _aLiterary conjugations
504 _aIncludes bibliographical references and index.
533 _aElectronic reproduction.
_bPalo Alto, Calif. :
_cebrary,
_d2013.
_nAvailable via World Wide Web.
_nAccess may be limited to ebrary affiliated libraries.
650 0 _aSouth Asian literature
_y20th century
_xHistory and criticism.
650 0 _aMotion pictures
_zIndia
_xHistory.
650 0 _aSuffering in literature.
650 0 _aCommunalism in literature.
650 0 _aSuffering in motion pictures.
655 7 _aElectronic books.
_2local
710 2 _aebrary, Inc.
830 0 _aLiterary conjugations.
856 4 0 _uhttp://site.ebrary.com/lib/rucke/Doc?id=10513577
_zAn electronic book accessible through the World Wide Web; click to view
999 _c220115
_d220115